[Event "DVM U20 2018"]
[Site "Osnabrück GER"]
[Date "2018.12.27"]
[Round "1"]
[White "Zähringer, Daniel"]
[Black "Sieber, Fiona"]
[Result "1/2-1/2"]
[Termination "normal"]
[Board "1.1"]
[BlackTitle "WIM"]
[WhiteElo "2142"]
[BlackElo "2262"]
[WhiteClock "00:01:44"]
[BlackClock "00:03:00"]
[WhiteTeam "SK König Plauen"]
[BlackTeam "SG Aufbau Elbe Magdeburg"]
[PlyCount "113"]
[WhiteFideId "12970280"]
[BlackFideId "12902373"]
[EventCountry "GER"]
[EventRounds "7"]
[EventType "team-swiss"]
[EventDate "2018.12.26"]

1. d4 {[%clk 1:30:58]} Nf6 {[%clk 1:30:55]} 2. c4 {[%clk 1:31:25]} e6 {[%clk
1:31:20]} 3. Nc3 {[%clk 1:31:50]} Bb4 {[%clk 1:31:46]} 4. Qc2 {[%clk 1:32:16]}
c5 {[%clk 1:32:11]} 5. dxc5 {[%clk 1:32:34]} O-O {[%clk 1:32:35]} 6. Nf3 {[%clk
1:32:59]} Na6 {[%clk 1:32:54]} 7. g3 {[%clk 1:33:20]} Nxc5 {[%clk 1:33:07]} 8.
Bg2 {[%clk 1:33:44]} b6 {[%clk 1:33:13]} 9. O-O {[%clk 1:29:31]} Bb7 {[%clk
1:33:26]} 10. Nb5 {[%clk 1:29:26]} Be4 {[%clk 1:33:22]} 11. Qd1 {[%clk
1:29:00]} Nb7 {[%clk 1:33:45]} 12. Bf4 {[%clk 1:26:20]} a6 {[%clk 1:23:44]} 13.
Nd6 {[%clk 1:25:34]} Nxd6 {[%clk 1:19:39]} 14. Bxd6 {[%clk 1:23:41]} Bxd6
{[%clk 1:20:04]} 15. Qxd6 {[%clk 1:24:05]} Qb8 {[%clk 1:19:32]} 16. Qxb8 {[%clk
1:23:41]} Raxb8 {[%clk 1:19:55]} 17. Rfd1 {[%clk 1:23:33]} Rfc8 {[%clk
1:19:24]} 18. Ne5 {[%clk 1:20:42]} Bxg2 {[%clk 1:17:49]} 19. Kxg2 {[%clk
1:21:04]} Rb7 {[%clk 1:15:37]} 20. Rd2 {[%clk 1:02:11]} Kf8 {[%clk 1:12:24]}
21. Rad1 {[%clk 1:01:33]} Ke7 22. Rd4 {[%clk 0:43:30]} Rc5 {[%clk 1:00:17]} 23.
Nd3 {[%clk 0:37:24]} Rcc7 {[%clk 0:59:54]} 24. e4 {[%clk 0:36:27]} d6 {[%clk
0:58:02]} 25. e5 {[%clk 0:32:51]} dxe5 {[%clk 0:57:01]} 26. Nxe5 b5 {[%clk
0:54:49]} 27. b3 {[%clk 0:29:41]} Ne8 {[%clk 0:45:47]} 28. cxb5 axb5 {[%clk
0:45:53]} 29. Nd3 {[%clk 0:26:44]} Rc3 {[%clk 0:36:51]} 30. Nb4 {[%clk
0:25:24]} f5 {[%clk 0:35:51]} 31. R4d3 {[%clk 0:22:34]} Rc8 {[%clk 0:31:47]}
32. f3 {[%clk 0:21:41]} Nf6 {[%clk 0:30:01]} 33. Kf2 {[%clk 0:17:35]} g5 {[%clk
0:28:34]} 34. Rd6 {[%clk 0:16:19]} Rd7 {[%clk 0:20:11]} 35. Rxd7+ {[%clk
0:16:00]} Nxd7 {[%clk 0:20:39]} 36. Ke2 {[%clk 0:13:17]} Ne5 {[%clk 0:17:17]}
37. f4 {[%clk 0:07:25]} gxf4 {[%clk 0:15:28]} 38. gxf4 {[%clk 0:07:50]} Ng4
{[%clk 0:15:47]} 39. Rd3 Nf6 {[%clk 0:10:48]} 40. Rd1 {[%clk 0:04:21]} Ne4
{[%clk 0:08:18]} 41. Rd3 {[%clk 0:01:05]} Rc1 {[%clk 0:22:01]} 42. Rh3 {[%clk
0:29:48]} Nf6 {[%clk 0:21:42]} 43. Rd3 {[%clk 0:28:14]} Nh5 {[%clk 0:18:48]}
44. Rf3 {[%clk 0:18:57]} Rh1 {[%clk 0:18:30]} 45. Rf2 {[%clk 0:18:50]} Nf6
{[%clk 0:16:08]} 46. Kf3 {[%clk 0:14:53]} Ne4 {[%clk 0:13:00]} 47. Rc2 {[%clk
0:13:58]} Kf6 {[%clk 0:11:14]} 48. Nd3 {[%clk 0:13:09]} Rf1+ {[%clk 0:06:24]}
49. Ke2 {[%clk 0:11:38]} Ra1 {[%clk 0:06:21]} 50. Kf3 {[%clk 0:11:41]} h5
{[%clk 0:04:49]} 51. Nc1 {[%clk 0:05:48]} Ke7 {[%clk 0:03:58]} 52. Ke2 {[%clk
0:03:51]} b4 {[%clk 0:03:05]} 53. Kd3 {[%clk 0:03:25]} Nc3 {[%clk 0:02:59]} 54.
Ke3 {[%clk 0:01:49]} Nd5+ {[%clk 0:03:09]} 55. Kf3 {[%clk 0:02:12]} Kd6 {[%clk
0:03:28]} 56. Rc4 {[%clk 0:01:44]} h4 {[%clk 0:03:00]} 57. Rc2 1/2-1/2

[Event "DVM U20 2018"]
[Site "Osnabrück GER"]
[Date "2018.12.27"]
[Round "1"]
[White "Roseneck, Jonas"]
[Black "Burian, Simon"]
[Result "1/2-1/2"]
[Termination "normal"]
[Board "1.2"]
[WhiteElo "2246"]
[BlackElo "2129"]
[WhiteClock "00:01:02"]
[BlackClock "00:07:05"]
[WhiteTeam "SG Aufbau Elbe Magdeburg"]
[BlackTeam "SK König Plauen"]
[PlyCount "84"]
[WhiteFideId "12939870"]
[BlackFideId "12956902"]
[EventCountry "GER"]
[EventRounds "7"]
[EventType "team-swiss"]
[EventDate "2018.12.26"]

1. e4 c5 2. Nf3 d6 3. d4 cxd4 4. Nxd4 Nf6 5. Nc3 a6 6. Be3 e5 7. Nb3 Be6 8. f3
Be7 9. Qd2 O-O 10. O-O-O b5 11. g4 b4 12. Nd5 Bxd5 13. exd5 a5 14. Kb1 Qc7 15.
Rg1 Nfd7 16. g5 Nb6 17. Rg4 {[%clk 0:48:32]} N8d7 {[%clk 1:03:15]} 18. Qf2
{[%clk 0:48:32]} Rfc8 {[%clk 1:03:15]} 19. Bb5 {[%clk 0:47:33]} Qb7 {[%clk
0:55:24]} 20. h4 {[%clk 0:35:40]} Rc7 {[%clk 0:43:21]} 21. Bc6 {[%clk 0:35:40]}
Rxc6 {[%clk 0:43:21]} 22. dxc6 {[%clk 0:36:09]} Qxc6 23. f4 {[%clk 0:26:09]} a4
{[%clk 0:40:55]} 24. Nc1 {[%clk 0:07:28]} a3 {[%clk 0:32:37]} 25. Qg2 Qxg2 26.
Rxg2 {[%clk 0:07:23]} Nc4 {[%clk 0:31:22]} 27. Re1 Nxb2 {[%clk 0:29:29]} 28.
Nb3 {[%clk 0:04:48]} Nc4 {[%clk 0:28:32]} 29. Bd2 Rb8 {[%clk 0:27:16]} 30. fxe5
{[%clk 0:02:50]} dxe5 {[%clk 0:23:13]} 31. Re4 {[%clk 0:02:05]} Rc8 {[%clk
0:18:34]} 32. Be1 f5 33. gxf6 {[%clk 0:02:09]} Nxf6 {[%clk 0:18:54]} 34. Ree2
{[%clk 0:01:30]} Nd5 {[%clk 0:18:23]} 35. Rg4 Bf6 36. Kc1 {[%clk 0:00:35]} h5
{[%clk 0:12:46]} 37. Rg1 {[%clk 0:00:35]} Nf4 {[%clk 0:12:33]} 38. Re4 {[%clk
0:00:32]} Nd6 39. Re3 {[%clk 0:01:10]} Nf5 {[%clk 0:11:44]} 40. Re4 Nd6 41. Re3
{[%clk 0:00:47]} Nf5 {[%clk 0:07:42]} 42. Re4 {[%clk 0:01:02]} Nd6 {[%clk
0:07:05]} 1/2-1/2

[Event "DVM U20 2018"]
[Site "Osnabrück GER"]
[Date "2018.12.27"]
[Round "1"]
[White "Linnert, Niklas"]
[Black "Wagner, Benjamin"]
[Result "1-0"]
[Termination "normal"]
[Board "1.3"]
[WhiteElo "1939"]
[BlackElo "2051"]
[WhiteClock "00:30:10"]
[BlackClock "00:29:43"]
[WhiteTeam "SK König Plauen"]
[BlackTeam "SG Aufbau Elbe Magdeburg"]
[PlyCount "95"]
[WhiteFideId "12974781"]
[BlackFideId "12957330"]
[EventCountry "GER"]
[EventRounds "7"]
[EventType "team-swiss"]
[EventDate "2018.12.26"]

1. e4 {[%clk 1:30:56]} e5 {[%clk 1:30:59]} 2. Nf3 {[%clk 1:31:18]} Nc6 {[%clk
1:31:28]} 3. Bb5 {[%clk 1:31:37]} a6 {[%clk 1:31:56]} 4. Ba4 {[%clk 1:31:35]}
d6 {[%clk 1:32:24]} 5. h3 {[%clk 1:30:44]} b5 {[%clk 1:27:53]} 6. Bb3 {[%clk
1:31:02]} Na5 {[%clk 1:27:36]} 7. O-O {[%clk 1:30:10]} Nxb3 {[%clk 1:19:35]} 8.
axb3 {[%clk 1:30:31]} f5 {[%clk 1:18:01]} 9. exf5 {[%clk 1:18:48]} Bxf5 {[%clk
1:18:05]} 10. Re1 {[%clk 1:18:59]} Be7 {[%clk 1:16:57]} 11. Nc3 {[%clk
1:13:07]} Nf6 {[%clk 1:16:44]} 12. d4 {[%clk 1:07:56]} e4 {[%clk 1:01:06]} 13.
Nh4 {[%clk 1:06:09]} Qd7 {[%clk 0:56:07]} 14. Bg5 {[%clk 0:56:28]} O-O {[%clk
0:41:20]} 15. Bxf6 {[%clk 0:46:54]} Rxf6 {[%clk 0:36:59]} 16. Nxf5 {[%clk
0:46:16]} Qxf5 {[%clk 0:35:57]} 17. Nxe4 {[%clk 0:46:31]} Rg6 {[%clk 0:34:29]}
18. Ng3 {[%clk 0:43:38]} Qf7 {[%clk 0:34:20]} 19. Re3 {[%clk 0:41:31]} Bf6
{[%clk 0:31:23]} 20. c3 {[%clk 0:36:35]} Qd7 {[%clk 0:25:56]} 21. Qf3 {[%clk
0:30:53]} d5 {[%clk 0:24:42]} 22. Qf5 {[%clk 0:29:22]} Qf7 {[%clk 0:19:09]} 23.
Kh2 {[%clk 0:18:23]} Bh4 {[%clk 0:16:06]} 24. Qxf7+ Kxf7 {[%clk 0:16:34]} 25.
Nf5 {[%clk 0:16:47]} Bg5 {[%clk 0:13:11]} 26. Rf3 {[%clk 0:16:25]} Bf6 {[%clk
0:13:33]} 27. Ne3 {[%clk 0:15:01]} Ke6 {[%clk 0:11:54]} 28. g4 {[%clk 0:09:23]}
c6 {[%clk 0:07:46]} 29. Nc2 {[%clk 0:08:03]} a5 {[%clk 0:06:20]} 30. Nb4 {[%clk
0:05:37]} Kd6 {[%clk 0:05:47]} 31. Nd3 {[%clk 0:05:44]} Ra7 {[%clk 0:05:32]}
32. Re3 {[%clk 0:05:12]} Bh4 {[%clk 0:04:49]} 33. f4 {[%clk 0:04:49]} Rf6
{[%clk 0:03:21]} 34. Kg2 {[%clk 0:03:36]} h6 {[%clk 0:03:15]} 35. f5 {[%clk
0:02:13]} Bg5 {[%clk 0:01:51]} 36. Re2 {[%clk 0:02:33]} g6 {[%clk 0:01:31]} 37.
fxg6 {[%clk 0:01:56]} Rxg6 {[%clk 0:02:00]} 38. Kg3 {[%clk 0:01:43]} Bd8 {[%clk
0:01:38]} 39. Rae1 {[%clk 0:00:56]} Rag7 {[%clk 0:00:45]} 40. Nf4 {[%clk
0:01:10]} Rf6 {[%clk 0:31:00]} 41. Nh5 {[%clk 0:31:05]} Rgg6 {[%clk 0:31:30]}
42. Nxf6 {[%clk 0:31:24]} Rxf6 {[%clk 0:31:52]} 43. Re8 {[%clk 0:30:57]} Bc7
{[%clk 0:32:10]} 44. R1e7 {[%clk 0:30:21]} Rf1 {[%clk 0:30:49]} 45. Rh7 {[%clk
0:29:46]} Rb1 {[%clk 0:30:57]} 46. Kf3 {[%clk 0:29:52]} Rxb2 {[%clk 0:30:19]}
47. Rg8 {[%clk 0:30:10]} Rxb3 {[%clk 0:29:43]} 48. Rg6# 1-0

[Event "DVM U20 2018"]
[Site "Osnabrück GER"]
[Date "2018.12.27"]
[Round "1"]
[White "Röhr, Tobias"]
[Black "Hörkner, Nico"]
[Result "1-0"]
[Termination "normal"]
[Board "1.4"]
[WhiteElo "2189"]
[BlackElo "1775"]
[WhiteClock "00:39:28"]
[BlackClock "00:29:08"]
[WhiteTeam "SG Aufbau Elbe Magdeburg"]
[BlackTeam "SK König Plauen"]
[PlyCount "94"]
[WhiteFideId "12963089"]
[BlackFideId "12974900"]
[EventCountry "GER"]
[EventRounds "7"]
[EventType "team-swiss"]
[EventDate "2018.12.26"]

1. d4 {[%clk 1:30:57]} Nf6 {[%clk 1:30:54]} 2. c4 {[%clk 1:31:21]} e6 {[%clk
1:31:31]} 3. Nf3 {[%clk 1:31:29]} b6 {[%clk 1:31:55]} 4. g3 {[%clk 1:30:40]}
Bb7 {[%clk 1:30:18]} 5. Bg2 {[%clk 1:30:13]} Be7 {[%clk 1:30:10]} 6. O-O {[%clk
1:23:48]} O-O 7. Nc3 d5 {[%clk 1:17:30]} 8. cxd5 {[%clk 1:18:56]} exd5 {[%clk
1:17:38]} 9. Qc2 {[%clk 1:18:03]} Nbd7 {[%clk 1:12:59]} 10. Rd1 {[%clk
1:16:05]} Re8 {[%clk 1:10:53]} 11. Bf4 {[%clk 1:11:38]} Nh5 {[%clk 1:04:18]}
12. Ne5 {[%clk 1:05:46]} Nxf4 {[%clk 1:02:25]} 13. gxf4 Nf6 {[%clk 1:01:45]}
14. Qb3 {[%clk 1:02:54]} Rf8 {[%clk 0:57:13]} 15. Rac1 {[%clk 0:59:51]} a6
{[%clk 0:49:25]} 16. e3 {[%clk 0:52:56]} Qd6 {[%clk 0:41:38]} 17. Ne2 {[%clk
0:49:21]} Ne8 {[%clk 0:34:18]} 18. Ng3 {[%clk 0:45:36]} g6 {[%clk 0:22:45]} 19.
Rc3 {[%clk 0:45:10]} f6 {[%clk 0:19:53]} 20. Nc6 {[%clk 0:44:40]} Rd8 {[%clk
0:13:38]} 21. Nxd8 {[%clk 0:39:14]} Qxd8 {[%clk 0:11:36]} 22. e4 {[%clk
0:39:14]} Kh8 {[%clk 0:11:36]} 23. exd5 {[%clk 0:36:54]} Bd6 {[%clk 0:09:48]}
24. f5 {[%clk 0:34:07]} Ng7 {[%clk 0:09:16]} 25. fxg6 {[%clk 0:34:00]} hxg6
{[%clk 0:09:39]} 26. Ne4 {[%clk 0:30:40]} Nf5 {[%clk 0:08:16]} 27. Nxd6 {[%clk
0:29:53]} Qxd6 {[%clk 0:08:32]} 28. Rh3+ {[%clk 0:27:52]} Kg7 {[%clk 0:08:46]}
29. Rc1 {[%clk 0:20:22]} Rf7 {[%clk 0:07:14]} 30. Qf3 {[%clk 0:15:48]} Rd7
{[%clk 0:06:34]} 31. Re1 {[%clk 0:12:07]} Bxd5 {[%clk 0:05:11]} 32. Qxd5 {[%clk
0:12:31]} Qxd5 {[%clk 0:05:34]} 33. Bxd5 {[%clk 0:12:56]} Rxd5 {[%clk 0:05:57]}
34. Rc1 {[%clk 0:11:35]} Rd7 {[%clk 0:04:41]} 35. Rhc3 {[%clk 0:11:45]} Rxd4
{[%clk 0:03:00]} 36. Rxc7+ {[%clk 0:12:08]} Kh6 {[%clk 0:03:18]} 37. R7c6
{[%clk 0:10:49]} Rb4 {[%clk 0:03:28]} 38. b3 {[%clk 0:10:40]} Nd4 {[%clk
0:03:44]} 39. R6c4 {[%clk 0:10:47]} Ne2+ {[%clk 0:02:45]} 40. Kf1 {[%clk
0:11:08]} Nxc1 {[%clk 0:03:11]} 41. Rxb4 {[%clk 0:11:33]} b5 {[%clk 0:03:05]}
42. a4 {[%clk 0:10:45]} Na2 {[%clk 0:30:15]} 43. Rd4 {[%clk 0:40:53]} Nc3
{[%clk 0:30:02]} 44. Ke1 {[%clk 0:39:31]} bxa4 {[%clk 0:28:19]} 45. bxa4 {[%clk
0:39:50]} a5 {[%clk 0:28:31]} 46. Kd2 {[%clk 0:39:33]} Na2 {[%clk 0:28:50]} 47.
Kc2 {[%clk 0:39:28]} Nb4+ {[%clk 0:29:08]} 1-0

[Event "DVM U20 2018"]
[Site "Osnabrück GER"]
[Date "2018.12.27"]
[Round "1"]
[White "Helmrich, Daniel"]
[Black "Hoffmann, Lennard"]
[Result "1-0"]
[Termination "normal"]
[Board "1.5"]
[WhiteElo "1783"]
[BlackElo "1995"]
[WhiteClock "00:21:48"]
[BlackClock "00:26:36"]
[WhiteTeam "SK König Plauen"]
[BlackTeam "SG Aufbau Elbe Magdeburg"]
[PlyCount "105"]
[WhiteFideId "12956767"]
[BlackFideId "12943495"]
[EventCountry "GER"]
[EventRounds "7"]
[EventType "team-swiss"]
[EventDate "2018.12.26"]

1. d4 {[%clk 1:30:57]} Nf6 {[%clk 1:30:52]} 2. Bf4 {[%clk 1:31:10]} d5 {[%clk
1:31:12]} 3. e3 {[%clk 1:31:17]} c5 {[%clk 1:30:34]} 4. c3 {[%clk 1:31:01]} Nc6
{[%clk 1:30:20]} 5. Bd3 {[%clk 1:23:10]} Qb6 {[%clk 1:26:04]} 6. Qb3 {[%clk
1:16:44]} c4 {[%clk 1:25:43]} 7. Qxb6 {[%clk 1:17:06]} axb6 {[%clk 1:26:08]} 8.
Bc2 {[%clk 1:11:31]} b5 {[%clk 1:24:19]} 9. Nd2 {[%clk 1:01:43]} b4 {[%clk
1:19:57]} 10. a3 {[%clk 0:58:39]} e6 {[%clk 1:17:58]} 11. cxb4 {[%clk 0:55:26]}
Bxb4 {[%clk 1:14:42]} 12. Rc1 {[%clk 0:48:28]} Ba5 {[%clk 1:06:27]} 13. Ne2
{[%clk 0:47:10]} O-O {[%clk 1:05:27]} 14. Bb1 {[%clk 0:43:00]} Nd7 {[%clk
0:53:57]} 15. Nc3 {[%clk 0:39:00]} f6 {[%clk 0:40:13]} 16. Bd6 {[%clk 0:28:18]}
Re8 {[%clk 0:39:45]} 17. O-O {[%clk 0:24:59]} Ra6 {[%clk 0:34:58]} 18. Bg3
{[%clk 0:22:11]} Rb6 {[%clk 0:33:58]} 19. Rc2 {[%clk 0:20:50]} Bxc3 {[%clk
0:33:39]} 20. bxc3 {[%clk 0:20:21]} Ra6 {[%clk 0:30:44]} 21. Ra2 {[%clk
0:20:02]} b5 {[%clk 0:28:57]} 22. Rc1 {[%clk 0:16:34]} Bb7 {[%clk 0:24:09]} 23.
Bc2 {[%clk 0:14:51]} Rea8 {[%clk 0:21:47]} 24. Nb1 {[%clk 0:13:15]} e5 {[%clk
0:15:54]} 25. Rb2 {[%clk 0:11:55]} Rb6 {[%clk 0:13:55]} 26. Bf5 {[%clk
0:11:27]} Nf8 {[%clk 0:13:04]} 27. e4 {[%clk 0:07:13]} Ne7 {[%clk 0:06:58]} 28.
dxe5 {[%clk 0:07:33]} dxe4 {[%clk 0:07:20]} 29. Bg4 {[%clk 0:06:51]} f5 {[%clk
0:05:52]} 30. Be2 {[%clk 0:07:00]} Bd5 {[%clk 0:05:38]} 31. Nd2 {[%clk
0:06:14]} Ra4 {[%clk 0:05:38]} 32. Rcb1 {[%clk 0:05:42]} Ne6 {[%clk 0:03:24]}
33. Rxb5 {[%clk 0:04:40]} Rxb5 {[%clk 0:03:35]} 34. Rxb5 {[%clk 0:05:05]} f4
{[%clk 0:02:06]} 35. Bg4 {[%clk 0:04:37]} fxg3 {[%clk 0:01:00]} 36. Rxd5 {[%clk
0:04:51]} gxh2+ {[%clk 0:00:58]} 37. Kxh2 {[%clk 0:04:34]} Nxd5 {[%clk
0:01:04]} 38. Bxe6+ {[%clk 0:04:54]} Kf8 {[%clk 0:01:21]} 39. Bxd5 {[%clk
0:05:14]} Rxa3 {[%clk 0:01:42]} 40. Nxe4 {[%clk 0:03:29]} Ra5 {[%clk 0:01:11]}
41. Bxc4 {[%clk 0:02:20]} Rxe5 {[%clk 0:01:34]} 42. f3 {[%clk 0:01:58]} g5
{[%clk 0:01:04]} 43. Kg3 {[%clk 0:00:53]} Kg7 {[%clk 0:00:50]} 44. Bd3 {[%clk
0:27:56]} h6 {[%clk 0:29:49]} 45. c4 {[%clk 0:27:14]} Re7 {[%clk 0:29:27]} 46.
c5 {[%clk 0:26:19]} Rd7 {[%clk 0:29:23]} 47. Bb5 {[%clk 0:25:30]} Rc7 {[%clk
0:29:28]} 48. c6 {[%clk 0:25:44]} Kf7 {[%clk 0:29:47]} 49. Nc5 {[%clk 0:25:19]}
Ke7 {[%clk 0:28:45]} 50. Na6 {[%clk 0:25:05]} Rc8 {[%clk 0:27:15]} 51. c7
{[%clk 0:22:47]} Kd6 {[%clk 0:27:03]} 52. Bd3 {[%clk 0:21:48]} Rf8 {[%clk
0:26:36]} 53. Bf5 {[%clk 0:21:48]} 1-0

[Event "DVM U20 2018"]
[Site "Osnabrück GER"]
[Date "2018.12.27"]
[Round "1"]
[White "von Angern, Cedric"]
[Black "Elstner, Florian"]
[Result "1-0"]
[Termination "normal"]
[Board "1.6"]
[WhiteElo "1760"]
[BlackElo "1284"]
[WhiteClock "00:02:28"]
[BlackClock "00:02:10"]
[WhiteTeam "SG Aufbau Elbe Magdeburg"]
[BlackTeam "SK König Plauen"]
[PlyCount "81"]
[WhiteFideId "12921106"]
[BlackFideId "16247264"]
[EventCountry "GER"]
[EventRounds "7"]
[EventType "team-swiss"]
[EventDate "2018.12.26"]

1. e4 {[%clk 1:30:56]} c5 {[%clk 1:30:54]} 2. Nf3 {[%clk 1:31:22]} Nc6 {[%clk
1:31:19]} 3. d4 {[%clk 1:31:41]} cxd4 {[%clk 1:31:41]} 4. Nxd4 {[%clk 1:32:06]}
Nf6 {[%clk 1:32:06]} 5. Nc3 {[%clk 1:32:13]} d6 {[%clk 1:32:08]} 6. Be3 {[%clk
1:30:54]} e6 {[%clk 1:31:40]} 7. f3 {[%clk 1:30:22]} Be7 {[%clk 1:31:16]} 8.
Qd2 {[%clk 1:30:16]} a6 {[%clk 1:30:26]} 9. O-O-O {[%clk 1:29:28]} Qc7 {[%clk
1:30:10]} 10. g4 {[%clk 1:27:53]} b5 {[%clk 1:29:18]} 11. h4 {[%clk 1:22:58]}
Bb7 {[%clk 1:27:40]} 12. h5 {[%clk 1:21:05]} Rc8 {[%clk 1:24:45]} 13. g5 {[%clk
1:05:12]} Nd7 {[%clk 1:07:51]} 14. Nxc6 {[%clk 0:49:53]} Bxc6 {[%clk 1:06:19]}
15. Kb1 {[%clk 0:44:15]} b4 {[%clk 1:03:14]} 16. Ne2 {[%clk 0:43:44]} d5 {[%clk
0:52:37]} 17. Nd4 {[%clk 0:37:03]} Bb7 {[%clk 0:48:51]} 18. Bd3 {[%clk
0:33:30]} Nc5 {[%clk 0:36:10]} 19. Qg2 {[%clk 0:30:52]} dxe4 {[%clk 0:30:31]}
20. fxe4 {[%clk 0:29:04]} f6 {[%clk 0:19:04]} 21. gxf6 {[%clk 0:25:53]} Bxf6
{[%clk 0:19:18]} 22. Qg4 {[%clk 0:23:00]} Qe5 {[%clk 0:16:51]} 23. Rhe1 {[%clk
0:16:06]} Nxd3 {[%clk 0:14:16]} 24. cxd3 {[%clk 0:15:09]} Ke7 {[%clk 0:13:46]}
25. Qe2 {[%clk 0:14:01]} a5 {[%clk 0:12:04]} 26. Rc1 {[%clk 0:10:31]} Rhd8
{[%clk 0:11:44]} 27. Rxc8 {[%clk 0:09:35]} Rxc8 {[%clk 0:11:41]} 28. Rh1 {[%clk
0:06:25]} Kd7 {[%clk 0:09:20]} 29. Nf3 {[%clk 0:05:33]} Qb5 {[%clk 0:09:04]}
30. Qd2 {[%clk 0:05:22]} Ba6 {[%clk 0:08:56]} 31. Ka1 {[%clk 0:04:00]} Ke7
{[%clk 0:08:30]} 32. d4 {[%clk 0:04:03]} Bb7 {[%clk 0:07:36]} 33. e5 {[%clk
0:03:11]} Bxf3 {[%clk 0:07:39]} 34. exf6+ {[%clk 0:03:31]} gxf6 {[%clk
0:07:52]} 35. Rg1 {[%clk 0:03:37]} Kf7 {[%clk 0:07:04]} 36. h6 {[%clk 0:02:55]}
Bd5 {[%clk 0:07:04]} 37. Rg7+ {[%clk 0:02:40]} Kf8 {[%clk 0:07:10]} 38. Qf2
{[%clk 0:02:26]} f5 {[%clk 0:03:58]} 39. Qg1 {[%clk 0:02:30]} e5 {[%clk
0:02:21]} 40. Rxh7 {[%clk 0:02:22]} Qc4 {[%clk 0:02:10]} 41. Qg7+ {[%clk
0:02:28]} 1-0

[Event "DVM U20 2018"]
[Site "Osnabrück GER"]
[Date "2018.12.27"]
[Round "1"]
[White "Bunyatov, Rustam"]
[Black "Reindl, Arno"]
[Result "1-0"]
[Termination "normal"]
[Board "2.1"]
[WhiteTitle "FM"]
[WhiteElo "2177"]
[BlackElo "2053"]
[WhiteClock "00:47:31"]
[BlackClock "00:36:43"]
[WhiteTeam "SG Porz"]
[BlackTeam "SG Schwäbisch Gmünd"]
[PlyCount "67"]
[WhiteFideId "13410210"]
[BlackFideId "12946729"]
[EventCountry "GER"]
[EventRounds "7"]
[EventType "team-swiss"]
[EventDate "2018.12.26"]

1. Nf3 {[%clk 1:30:50]} Nf6 {[%clk 1:26:44]} 2. c4 {[%clk 1:31:14]} g6 {[%clk
1:26:09]} 3. b4 {[%clk 1:31:34]} Bg7 {[%clk 1:26:27]} 4. Bb2 {[%clk 1:31:59]}
c6 {[%clk 1:24:04]} 5. e3 {[%clk 1:28:10]} d5 {[%clk 1:21:19]} 6. d4 {[%clk
1:26:09]} O-O {[%clk 1:20:47]} 7. Nbd2 {[%clk 1:24:53]} Bf5 {[%clk 1:16:02]} 8.
a4 {[%clk 1:20:50]} Nbd7 {[%clk 1:12:49]} 9. Be2 {[%clk 1:19:41]} a5 {[%clk
1:09:33]} 10. b5 {[%clk 1:18:46]} dxc4 {[%clk 1:07:30]} 11. bxc6 {[%clk
1:16:20]} Nb6 {[%clk 1:03:38]} 12. cxb7 {[%clk 1:08:02]} Rb8 {[%clk 1:04:05]}
13. Nxc4 {[%clk 1:05:42]} Nxc4 {[%clk 1:04:25]} 14. Bxc4 {[%clk 1:06:08]} Rxb7
{[%clk 1:04:42]} 15. Ba3 {[%clk 1:04:45]} Ne4 {[%clk 1:01:16]} 16. O-O {[%clk
1:03:55]} Nc3 {[%clk 0:51:46]} 17. Qd2 {[%clk 0:54:21]} Nxa4 {[%clk 0:48:06]}
18. Bxe7 {[%clk 0:53:03]} Qxe7 {[%clk 0:47:50]} 19. Rxa4 {[%clk 0:53:27]} Rb4
{[%clk 0:48:06]} 20. Rxb4 {[%clk 0:53:23]} Qxb4 {[%clk 0:43:28]} 21. Qxb4
{[%clk 0:53:38]} axb4 {[%clk 0:43:56]} 22. Ra1 {[%clk 0:53:43]} Rc8 {[%clk
0:43:39]} 23. Nd2 {[%clk 0:53:47]} Be6 {[%clk 0:43:23]} 24. Bxe6 {[%clk
0:53:14]} fxe6 {[%clk 0:43:32]} 25. Kf1 {[%clk 0:53:34]} Rd8 {[%clk 0:40:09]}
26. f4 {[%clk 0:52:47]} e5 {[%clk 0:40:30]} 27. fxe5 {[%clk 0:52:07]} Bxe5
{[%clk 0:40:40]} 28. h3 {[%clk 0:48:42]} Bg7 {[%clk 0:39:16]} 29. Ke2 {[%clk
0:48:44]} Re8 {[%clk 0:37:53]} 30. Kd3 {[%clk 0:48:45]} Bh6 {[%clk 0:37:36]}
31. Nc4 {[%clk 0:49:01]} Rf8 {[%clk 0:37:14]} 32. Rb1 {[%clk 0:47:55]} Rb8
{[%clk 0:36:28]} 33. e4 {[%clk 0:47:42]} Bg7 {[%clk 0:36:43]} 34. e5 {[%clk
0:47:31]} 1-0